000 01080nam a2200229 a 4500
001 47416
003 BD-RjUL
005 20211209054317.0
008 160808s1967 bg ||||| |||| 00| 0 eng d
020 _c: Tk. 0.75
035 _a(BD-RjUL)
040 _aBD-RjUL
_bben
_cBD-RjUL
041 _aben
082 _223
_a297.61092
_bABP 1967
100 1 _aআবুতালেব, মুহম্মদ
_9144213
245 1 0 _aপাদরী রেভারেণ্ড জন জমীরউদ্দীনের ইসলাম গহণ :
_bশেখ জমীরউদ্দীনের আত্ন-জীবনী /
_cমুহম্মদ আবুতালেব.
260 _aরাজশাহী :
_bইসলামী মসলিস ;
_c১৯৬৭ .
300 _a২২পৃ ;
_c২০ সেমি .
600 _aপাদরী রেভারেণ্ড জন জমীরউদ্দীনের ইসলাম গহণ
_xজীবনী
_9144262
600 _aClergyman the Reverend John jamirauddinera Islam gahana
_xBibliography
_9144263
942 _2ddc
_cBK
999 _c47416
_d47416